000 00528nam a2200157 i 4500
001 83089
003 ES-MaACL
005 20230906174757.0
007 t|
008 041115s1971 sp ||||1| spa d
245 0 3 _aEl índice del coste de la vida
_b: 1971 /
_cInstituto Nacional de Estadística.
260 _a[S.l. :
_bs.n.,
_c1971] (
_eMadrid :
_fImp. Boletín Oficial del Estado)
300 _a63 p. :
_bil. ;
_c25 cm.
710 2 _aInstituto Nacional de Estadística (España)
_95162
852 _aES-MaACL
_jC-41286
_bR.77474
999 _c83089
_d83089